000 01705nam a2200457 c 4500
001 53356
003 ES-MaCES
005 20250203132840.0
008 241007s2024 sp 000 | spa d
017 _aM 2870-2024
_bDL
020 _a9788411486293
040 _aES-MaCES
_bspa
_cES-MaCES
041 1 _aspa
_heng
100 1 _aMah, Alice
_941167
245 1 0 _aPlásticos sin límite
_b: cómo alimentan las empresas la crisis ecológica y qué podemos hacer al respecto
_cAlice Mah ; tr. de Carmen Ternero Lorenzo
260 _aMadrid
_bAlianza Editorial
_c2024
300 _a221 p.
_c23 cm
490 1 _aAlianza ensayo
_vPE
500 _aTraducción de: Plastics unlimited, how corporations are fuelling the ecological crisis and what we can do about it
500 _aÍndices
504 _aBibliografía: 207-213
541 _cCompra
650 4 _aindustria petroquímica
_927787
650 4 _aindustria de productos plásticos
_927805
650 4 _amaterial plástico
_927804
650 4 _aempresa industrial
_927632
650 4 _agrupo de intereses
_927235
650 4 _aevaluación del impacto
_930732
650 4 _acambio climático
_930961
650 4 _acontaminación ambiental
_928739
650 4 _amecanismo de control
_929918
650 4 _areciclaje de desperdicios
_929528
650 4 _adesarrollo sostenible
_930785
650 4 _aevaluación del impacto ambiental
_930344
653 1 0 _aIndustria-Energía
700 1 _941169
_aTernero Lorenzo, Carmen
740 0 2 _aPlastics unlimited, how corporations are fuelling the ecological crisis and what we can do about it
830 0 _aAlianza ensayo
_vPE
_933539
902 _aLIB Libro
942 _2CES
_cBK
_h5.2.
999 _c53356
_d53356